000 00295nam a2200109Ia 4500
008 230822s1999 xx 000 0 und d
041 _aeng
100 _aROBINETTE G.
245 _aLANDSCAPE PLANNING FOR ENERGY CONSERVATION.
260 _bVAN NOSTRAND REINHOLD COMPANY LTD
_c1999
300 _a224
999 _c855733
_d855733